000 00357nam a22001457a 4500
999 _c531596
_d531596
003 NUST
020 _a9782850258404
_qH/B.
038 _awaseem
082 _a930.10222
_bMAR
100 _aMarchiori, Antonio
_924488
245 _aI'archeologie vue du ciel /
_cAntonio Marchiori
260 _aParis :
_bHazan,
_c2002.
300 _a254 p. ;
942 _2ddc
_cBK